Closest London Underground Stations Pairs - Statistics

General Stats
  • This quiz has been taken 30 times
  • The average score is 26 of 46
Answer Stats
Distance (m) Answer % Correct
320 Covent Garden
92%
320 Leicester Square
92%
480 Leicester Square
92%
480 Leicester Square
92%
160 Charing Cross
83%
480 Charing Cross
83%
480 Charing Cross
83%
160 Embankment
83%
320 Oxford Circus
83%
480 Oxford Circus
83%
480 Piccadilly Circus
83%
480 Bank
79%
480 Tottenham Court Road
79%
480 Tottenham Court Road
79%
480 Waterloo
71%
480 Waterloo
71%
480 Aldgate
67%
320 Bond Street
67%
480 Euston
67%
320 Liverpool Street
67%
480 Liverpool Street
67%
160 Cannon Street
63%
320 Cannon Street
63%
160 Mansion House
58%
480 London Bridge
54%
320 Moorgate
54%
480 Southwark
54%
480 Warren Street
54%
480 Warren Street
54%
320 Monument
50%
320 Baker Street
46%
480 Barbican
46%
480 Borough
46%
480 Farringdon
46%
480 Hyde Park Corner
46%
480 Goodge Street
42%
480 Knightsbridge
38%
480 Lambeth North
38%
320 Marylebone
38%
480 St Paul's
38%
480 Barons Court
13%
480 West Kensington
13%
480 Finchley Road
8%
480 Swiss Cottage
8%
480 Goldhawk Road
4%
480 Shepherd's Bush Market
4%
No matching quizzes found
Score Distribution
Percent of People with Each Score
Percentile by Number Answered
Your Score History
You have not taken this quiz